Statistiken für Alle Ausfahrten der Innkreis-Autobahn (A8)

Klicken Sie hier um das Quiz zu spielen!

Allgemein

  • Dieses Quiz wurde 45 mal gespielt
  • Das Durchschnittsergebnis liegt bei 8 aus 10

Antwortstatistiken

kmBz.Ausfahrt% Korrekt
53,5RIRied im Innkreis
93%
14,6WEWels
93%
11,2WEWels-West
93%
12,1WEWels Wirtschaftspark
93%
74,1SDSchärding / Suben
80%
65,4RIOrt im Innkreis
73%
19,6WLPichl bei Wels / Bad Schallerbach
73%
30,8GRMeggenhofen / Gallspach
67%
42,7GRHaag am Hausruck
60%
0,0WLVoralpenkreuz
53%

Verteilung der Resultate

Perzentil nach korrekt beantworteten Fragen

Anzahl Personen mit jedem Resultat

Ihre Resultats-Entwicklung

Sie haben dieses Quiz noch nicht gespielt